00478nam a2200181Ia 4500003000400000005001700004008004100021040000700062041000800069082002400077100001800101245007600119260004500195300001300240365001300253650001600266650001400282OSt20230509162138.0210423s1995 xx 000 0 und d cAL aeng a307.1772 223bPALT aPALLATH (J J) aTheyyam: an analytical study of the folk culture wisdom and personality aNew DelhibIndian Social Institutec1995 av,26bPB b200cINR aCommunities aSociology